Umelá inteligencia a kognitívna veda I/

Další autoři: Kvasnička, Vladimír, 1941-
Jazyk: Slovenština
Vydáno: V Bratislave : Slovenská technická univerzita, 2009
Edice: Edícia učebných textov informatiky a informačných technológií
Témata:
Fyzický popis: xii, 457 s. : il. ; 25 cm
Knihy
Uloženo v:
LEADER 01379nam a2200337 a 4500
001 001066379
003 CZ BrMZK
005 20091210140402.0
007 ta
008 091123s2009 xo a e p 001 0 slo
020 |a 978-80-227-3080-8  |q (brož.) 
040 |a BOA001  |b cze 
072 7 |a 004.8  |x Umělá inteligence  |2 Konspekt  |9 23 
080 |a 004.8  |2 MRF 
080 |a 165.194  |2 MRF 
080 |a (075.8)  |2 MRF 
245 0 0 |a Umelá inteligencia a kognitívna veda I/  |c Vladimír Kvasnička ... [et al.] (editori) 
260 |a V Bratislave :  |b Slovenská technická univerzita,  |c 2009 
300 |a xii, 457 s. :  |b il. ;  |c 25 cm 
490 1 |a Edícia učebných textov informatiky a informačných technológií 
500 |a V prelimináriích uvedena edice: Edícia výskumných textov Informatiky a informačných technológií 
504 |a Obsahuje bibliografie a rejstřík 
650 0 7 |a umělá inteligence  |7 ph116536  |2 czenas 
650 0 7 |a kognitivní věda  |7 ph121697  |2 czenas 
655 7 |a učebnice vysokých škol  |7 fd133772  |2 czenas 
700 1 |a Kvasnička, Vladimír,  |d 1941-  |7 jn20011210357  |4 edt 
830 0 |a Edícia učebných textov informatiky a informačných technológií 
910 2 |a BOA001  |b 2-1232.764 
990 |a BK 
991 |b 200912  |c NOV  |j 004 UME 
996 7 |b 2610403945  |c 2-1232.764  |l MZK  |r Sklad / do 1 hodiny  |n 25  |p vým  |w 001097851  |u 000010  |a 1  |e BOA001  |j MZK50  |s A